<?xml version="1.0" encoding="UTF-8"?>
<record
    xmlns:xsi="http://www.w3.org/2001/XMLSchema-instance"
    xsi:schemaLocation="http://www.loc.gov/MARC21/slim http://www.loc.gov/standards/marcxml/schema/MARC21slim.xsd"
    xmlns="http://www.loc.gov/MARC21/slim">

  <leader>03389nam a22002897a 4500</leader>
  <controlfield tag="003">DO-CoUTE</controlfield>
  <controlfield tag="005">20260514132953.0</controlfield>
  <controlfield tag="008">260514b        dr ||||| |||| 00| 0 spa d</controlfield>
  <datafield tag="040" ind1=" " ind2=" ">
    <subfield code="a">DO-CoUTE</subfield>
    <subfield code="b">spa</subfield>
    <subfield code="c">DO-CoUTE</subfield>
  </datafield>
  <datafield tag="041" ind1=" " ind2=" ">
    <subfield code="a">spa</subfield>
  </datafield>
  <datafield tag="092" ind1=" " ind2=" ">
    <subfield code="a">INF 2026 D35 </subfield>
  </datafield>
  <datafield tag="100" ind1="1" ind2=" ">
    <subfield code="a">De La Cruz Mat&#xED;as, Rufimar Altagracia </subfield>
    <subfield code="e">Sustentante </subfield>
  </datafield>
  <datafield tag="245" ind1="1" ind2="0">
    <subfield code="a">Sistema de Control de Asistencia con Alertas a los Padres en el Nivel Secundario. Distrito Educativo 16-01. / </subfield>
    <subfield code="c">Rufimar Altagracia De La Cruz, Mat&#xED;as Dariel Rafael N&#xFA;&#xF1;ez Santos, Francisco Alberto Leocadio Pe&#xF1;a, Jes&#xFA;s Osvaldo L&#xF3;pez, Alexis Reynoso Garc&#xED;a ; Asesor, Jenniffer Karina Disla </subfield>
  </datafield>
  <datafield tag="260" ind1=" " ind2=" ">
    <subfield code="a">Cotu&#xED;, Rep&#xFA;blica Dominicana ; </subfield>
    <subfield code="b">UTECO,</subfield>
    <subfield code="c">2026</subfield>
  </datafield>
  <datafield tag="300" ind1=" " ind2=" ">
    <subfield code="a">81 Hojas : </subfield>
    <subfield code="b">Imagenes ; </subfield>
    <subfield code="c">23cm, </subfield>
    <subfield code="e">+ 1 CD-ROM</subfield>
  </datafield>
  <datafield tag="502" ind1=" " ind2=" ">
    <subfield code="a"> Trabajo de Grado (Licenciatura en Inform&#xE1;tica ) Universidad Tecnol&#xF3;gica del Cibao Oriental, 2026.
</subfield>
  </datafield>
  <datafield tag="504" ind1=" " ind2=" ">
    <subfield code="a">Incluye referencia bibliogr&#xE1;fica e &#xED;ndice.
</subfield>
  </datafield>
  <datafield tag="520" ind1=" " ind2=" ">
    <subfield code="a">El presente proyecto titulado &#x201C;Sistema de Control de Asistencia con Alertas a los
Padres en el Nivel Secundario. Distrito Educativo 16-01&#x201D;, analiza las limitaciones del
m&#xE9;todo manual de registro de asistencia utilizado en los centros educativos del nivel
secundario del Distrito 16-01 y propone una soluci&#xF3;n tecnol&#xF3;gica que optimiza este
proceso y fortalece la comunicaci&#xF3;n con las familias. El problema identificado se relaciona
con el uso de libros f&#xED;sicos y registros impresos que dificultan la organizaci&#xF3;n de la
informaci&#xF3;n, retrasan la notificaci&#xF3;n a los padres y limitan la intervenci&#xF3;n oportuna ante
casos de ausentismo escolar, lo que puede afectar el rendimiento acad&#xE9;mico y aumentar el
riesgo de deserci&#xF3;n.
La investigaci&#xF3;n se desarroll&#xF3; bajo un enfoque cualitativo y un dise&#xF1;o descriptivo,
orientado a caracterizar el proceso actual de toma de asistencia y comprender la percepci&#xF3;n
de los actores involucrados. Los informantes clave incluyeron directores, subdirectores,
coordinadores pedag&#xF3;gicos, orientadores y docentes. Para la recolecci&#xF3;n de datos se aplicaron entrevistas, observaciones y revisi&#xF3;n bibliogr&#xE1;fica, utilizando instrumentos
validados por la asesora del proyecto y el Departamento de Investigaci&#xF3;n de la UTECO.
Entre los principales hallazgos, se determin&#xF3; que la gesti&#xF3;n manual sobrecarga al
personal docente e imposibilita una respuesta r&#xE1;pida frente al ausentismo. En respuesta, se
desarroll&#xF3; EduAsist, un sistema web en la nube que digitaliza el registro de asistencia en
tiempo real, automatiza el env&#xED;o de alertas a padres por WhatsApp, SMS y correo
electr&#xF3;nico, y genera reportes estad&#xED;sticos para la toma de decisiones pedag&#xF3;gicas.
Asimismo, se dise&#xF1;&#xF3; una interfaz moderna, responsiva e intuitiva. Finalmente, se
incorporaron medidas de seguridad inform&#xE1;tica para garantizar la protecci&#xF3;n de los datos
personales y superar las limitaciones inherentes al uso de registros f&#xED;sicos.</subfield>
  </datafield>
  <datafield tag="650" ind1=" " ind2="4">
    <subfield code="a">Control de Asistencia </subfield>
  </datafield>
  <datafield tag="700" ind1="1" ind2=" ">
    <subfield code="a">Rufimar Altagracia De La Cruz Mat&#xED;as</subfield>
    <subfield code="e">Sustentante </subfield>
  </datafield>
  <datafield tag="700" ind1="1" ind2=" ">
    <subfield code="a">Dariel Rafael N&#xFA;&#xF1;ez Santos</subfield>
    <subfield code="e">Sustentante </subfield>
  </datafield>
  <datafield tag="700" ind1="1" ind2=" ">
    <subfield code="a">Francisco Alberto Leocadio Pe&#xF1;a</subfield>
    <subfield code="e">Sustentante </subfield>
  </datafield>
  <datafield tag="700" ind1="1" ind2=" ">
    <subfield code="a">Jenniffer Karina Disla</subfield>
    <subfield code="e">Asesor </subfield>
  </datafield>
  <datafield tag="830" ind1=" " ind2=" ">
    <subfield code="a">Tesis y disertaciones acad&#xE9;micas (Universidad Tecnol&#xF3;gica del Cibao Oriental)</subfield>
  </datafield>
  <datafield tag="856" ind1=" " ind2=" ">
    <subfield code="y">Haga Click Aqu&#xED; para Descargar en Texto Completo</subfield>
  </datafield>
  <datafield tag="942" ind1=" " ind2=" ">
    <subfield code="2">ddc</subfield>
    <subfield code="c">TH</subfield>
  </datafield>
  <datafield tag="999" ind1=" " ind2=" ">
    <subfield code="c">24188</subfield>
    <subfield code="d">24188</subfield>
  </datafield>
  <datafield tag="952" ind1=" " ind2=" ">
    <subfield code="0">0</subfield>
    <subfield code="1">0</subfield>
    <subfield code="2">ddc</subfield>
    <subfield code="4">0</subfield>
    <subfield code="7">0</subfield>
    <subfield code="8">eT</subfield>
    <subfield code="a">BU</subfield>
    <subfield code="b">BU</subfield>
    <subfield code="c">GEN</subfield>
    <subfield code="d">2026-05-14</subfield>
    <subfield code="i">24188</subfield>
    <subfield code="l">0</subfield>
    <subfield code="o">INF 2026 D35 </subfield>
    <subfield code="p">24188</subfield>
    <subfield code="r">2026-05-14 13:31:52</subfield>
    <subfield code="t">Ej.1</subfield>
    <subfield code="w">2026-05-14</subfield>
    <subfield code="y">TH</subfield>
  </datafield>
</record>
